Племенной и продуктивный потенциал калмыцкой породы скота в племенных хозяйствах Российской Федерации (Запись № 11216263)

Подробности
000 -МАРКЕР
контрольное поле 01994nam0a2200349 4500
001 - ИДЕНТИФИКАТОР ЗАПИСИ
контрольное поле RU\NLR\BIBL_A\012280563
005 - ИДЕНТИФИКАТОР ВЕРСИИ
контрольное поле 20200716161931.0
010 ## - МЕЖДУНАРОДНЫЙ СТАНДАРТНЫЙ НОМЕР КНИГИ (ISBN)
Номер (ISBN) 978-5-6043144-6-3
Тираж 500
021 ## - НОМЕР ГОСУДАРСТВЕННОЙ РЕГИСТРАЦИИ
Код страны Российская Федерация
Номер КН-П-20-010432
Номер Листа государственной регистраци КН-П-20-0809
035 ## - ДРУГИЕ СИСТЕМНЫЕ НОМЕРА
Идентификатор записи (NLR Aleph) 012280563
035 ## - ДРУГИЕ СИСТЕМНЫЕ НОМЕРА
Идентификатор записи (RuMoRGB)010284543
100 ## - ДАННЫЕ ОБЩЕЙ ОБРАБОТКИ
Данные общей обработки 20200626d2019 u y0rusy50 ca
101 0# - ЯЗЫК РЕСУРСА
Язык текста, звукозаписи и т.д. русский
102 ## - СТРАНА ПУБЛИКАЦИИ ИЛИ ПРОИЗВОДСТВА
Страна публикации Российская Федерация
105 ## - ПОЛЕ КОДИРОВАННЫХ ДАННЫХ: ТЕКСТОВЫЕ МАТЕРИАЛЫ, МОНОГРАФИЧЕСКИЕ
Кодированные данные о монографическом текстовом документе a|||z|||000zy
181 #0 - ПОЛЕ КОДИРОВАННЫХ ДАННЫХ: ВИД СОДЕРЖАНИЯ
Код вида содержания (ISBD) i
Код характеристики содержания (ISBD) axxe
182 #0 - ПОЛЕ КОДИРОВАННЫХ ДАННЫХ: ТИП СРЕДСТВА
Код типа средства (ISBD) n - непосредственное
200 1# - ЗАГЛАВИЕ И СВЕДЕНИЯ ОБ ОТВЕТСТВЕННОСТИ
Основное заглавие Племенной и продуктивный потенциал калмыцкой породы скота в племенных хозяйствах Российской Федерации
Сведения, относящиеся к заглавию [сборник]
Первые сведения об ответственности Российская Федерация, Национальная ассоциация заводчиков калмыцкого скота, ФГБНУ "Федеральный научный центр биологических систем и агротехнологий Российской академии наук"
Последующие сведения об ответственности [подготовлен академиком Амерхановым Х. А. и др.]
203 ## - ВИД СОДЕРЖАНИЯ И ТИП СРЕДСТВА
Вид содержания Текст
Дополнительные сведения об издании визуальный
Тип средства непосредственный
210 ## - ПУБЛИКАЦИЯ, РАСПРОСТРАНЕНИЕ И ДР.
Место издания, распространения и т.д. Москва
Имя издателя, распространителя и т. д. Вестник РАСХН
Дата издания, распространения и т.д. 2019
215 ## - ФИЗИЧЕСКАЯ ХАРАКТЕРИСТИКА
Специфическое обозначение материала и объем 33 с.
Другие сведения о физической характеристике цв. ил., табл.
Размеры 20
606 1# - НАИМЕНОВАНИЕ ТЕМЫ КАК ПРЕДМЕТ
Наименование темы Калмыцкий скот
Формальный подзаголовок Сборники
Тематический подзаголовок Племенное разведение
Географический подзаголовок Российская Федерация
Системный номер авторитетной/нормативной записи 2290572
Идентификатор авторитетной/нормативной записи RU\NLR\AUTH\6601599344
686 1# - ИНДЕКСЫ ДРУГИХ КЛАССИФИКАЦИЙ
Индекс П603.9Калмыцкий-3(2Р)я43
702 #1 - ИМЯ ЛИЦА - ВТОРИЧНАЯ ОТВЕТСТВЕННОСТЬ
Код отношения Составитель
Графика поля Кириллица
Материалы, к которым относится поле rus
Начальный элемент ввода Амерханов
Часть имени, кроме начального элемента ввода Х. А.
Даты 1951-
Расширение инициалов личного имени Харон Адиевич
Системный номер авторитетной/нормативной записи 80803
Идентификатор авторитетной/нормативной записи RU\NLR\AUTH\7797877
712 02 - НАИМЕНОВАНИЕ ОРГАНИЗАЦИИ - ВТОРИЧНАЯ ОТВЕТСТВЕННОСТЬ
Код отношения Прочие
Начальный элемент ввода Национальная ассоциация заводчиков калмыцкого скота
Идентифицирующий признак Оренбург
Системный номер авторитетной/нормативной записи 632807
Идентификатор авторитетной/нормативной записи RU\NLR\AUTH\880486194
942 ## - ДОПОЛНИТЕЛЬНЫЕ ЭЛЕМЕНТЫ ЗАПИСИ (АБИС)
Тип экземпляра АБИС Книга
980 ## - КОЛЛЕКЦИЯ
Название коллекции НБР
980 ## - КОЛЛЕКЦИЯ
Название коллекции Национальная библиография

Нет доступных экземпляров.